Countries of the North-German-Confederation on a map - Statistics

General Stats
  • This quiz has been taken 39 times
  • The average score is 14 of 22
Answers on the Map
Answers color-coded by a green-red scale on the quiz's map according to % correct below.
 
Answer Stats
Countries % Correct
Prussia
100%
Saxony
96%
Hamburg
93%
Anhalt
86%
Bremen
86%
Oldenbourg
82%
Hesse (North)
79%
Saxe-Coburg and Gotha
75%
Lübeck
71%
Lippe
64%
Braunschweig
57%
Mecklenburg-Schwerin
54%
Reuss-Gera
54%
Saxe-Weimar-Eisenach
54%
Schaumburg-Lippe
50%
Mecklenburg-Strelitz
46%
Reuss-Greiz
46%
Waldeck and Pyrmont
43%
Saxe-Meiningen
32%
Schwarzburg-Rudolstadt
32%
Saxe-Altenburg
29%
Schwarzburg-Sondershausen
29%
No matching quizzes found
Score Distribution
Percent of People with Each Score
Percentile by Number Answered
Your Score History
You have not taken this quiz